Desta terra nada vai sobrar, a não ser o vento que sopra sobre ela (Record no. 156789)

MARC details
000 -LÍDER
campo de controle de tamanho fixo 00470 a2200157 4500
001 - NÚMERO DE CONTROLE
campo de controle 156789
020 ## - ISBN - INTERNATIONAL STANDARD BOOK NUMBER
ISBN - International Standard Book Number 9788526024366
040 ## - FONTE DA CATALOGAÇÃO
Instituição que transcreveu o registro Escola São Tomás de Aquino
100 ## - ENTRADA PRINCIPAL--NOME PESSOAL
Nome pessoal BRANDÃO, Ignácio de Loyola
240 10 - TÍTULO UNIFORME
Título uniforme Desta terra nada vai sobrar, a não ser o vento que sopra sobre ela
Idioma da obra por
245 10 - TÍTULO
Título Desta terra nada vai sobrar, a não ser o vento que sopra sobre ela
300 ## - DESCRIÇÃO FÍSICA
Extensão 376 p.
362 0# - DATAS DE PUBLICAÇÃO E/OU DESIGNAÇÃO SEQUENCIAL
Datas de publicação e/ou designação sequencial 2018
697 ## - ENTRADA DE ASSUNTO LOCAL--ENTIDADE COLETIVA (RLIN)
Nome corporativo ou nome da jurisdição LITERATURA BRASILEIRA
942 ## - ELEMENTOS DE ENTRADA ADICIONADOS (KOHA)
Tipo de material Koha Livros
Holdings
Situação do descarte Situação das perdas Situação física Não pode ser emprestado Biblioteca de origem Biblioteca atual Data de aquisição Total de empréstimos Número de chamada completo Código de barras Data de último acesso Data do preço efetivo Tipo de material Koha
        ESTA - SÃO BENTO ESTA - SÃO BENTO 30/04/2024   B869 BRA DES EST00011186 30/04/2024 30/04/2024 Livros